Vấn đề đô thị và quản lí đô thị ở Trung Quốc những năm gần đây /

Kaydedildi:
Detaylı Bibliyografya
Yazar: Nguyễn Mai Phương.
Materyal Türü: Makale
Dil:Vietnamese
Konular:
Etiketler: Etiketle
Etiket eklenmemiş, İlk siz ekleyin!
Thư viện lưu trữ: Thư viện Trường Đại học Đà Lạt
LEADER 00817nam a2200265 4500
001 DLU180186415
005 ##20180827
040 # # |a DLU  |b vie 
041 # # |a vie 
044 # # |a vn 
100 # # |a Nguyễn Mai Phương. 
245 # # |a Vấn đề đô thị và quản lí đô thị ở Trung Quốc những năm gần đây /  |c Nguyễn Mai Phương. 
653 # # |a Đô thị hóa 
653 # # |a Quản lí đô thị  
653 # # |a Xã hội Trung Quốc 
773 # # |t Nghiên cứu Trung Quốc  |g Số 4(188), 2017, tr. 23-32 
920 # # |a Phòng Tạp chí -- Trung tâm Thông tin - Thư viện Trường Đại học Đà Lạt 
994 # # |a DLU 
900 # # |a True 
911 # # |a Nguyễn Thị Thu Phương 
925 # # |a G 
926 # # |a A 
927 # # |a BB 
980 # # |a Thư viện Trường Đại học Đà Lạt